Structure and style : (Record no. 352224)
[ view plain ]
| 000 -LEADER | |
|---|---|
| fixed length control field | 01709 a2200277 4500 |
| 003 - CONTROL NUMBER IDENTIFIER | |
| control field | OSt |
| 005 - DATE AND TIME OF LATEST TRANSACTION | |
| control field | 20180116192327.0 |
| 008 - FIXED-LENGTH DATA ELEMENTS--GENERAL INFORMATION | |
| fixed length control field | 120508t xxu||||| |||| 00| 0 eng d |
| 010 ## - LIBRARY OF CONGRESS CONTROL NUMBER | |
| LC control number | 97187401 |
| 020 ## - INTERNATIONAL STANDARD BOOK NUMBER | |
| International Standard Book Number | 0419217401 |
| 035 ## - SYSTEM CONTROL NUMBER | |
| System control number | (DLC) 97187401 |
| 040 ## - CATALOGING SOURCE | |
| Transcribing agency | 0 |
| 082 ## - DEWEY DECIMAL CLASSIFICATION NUMBER | |
| Classification number | 720.288 |
| 245 00 - TITLE STATEMENT | |
| Title | Structure and style : |
| Remainder of title | conserving twentieth century buildings / |
| Statement of responsibility, etc. | edited by Michael Stratton. |
| 250 ## - EDITION STATEMENT | |
| Edition statement | 1st ed. |
| 260 ## - PUBLICATION, DISTRIBUTION, ETC. | |
| Place of publication, distribution, etc. | London ; |
| -- | New York : |
| Name of publisher, distributor, etc. | E & FN Spon, |
| Date of publication, distribution, etc. | 1997. |
| 300 ## - PHYSICAL DESCRIPTION | |
| Extent | x, 230 p. : |
| Other physical details | ill. ; |
| Dimensions | 25 cm. |
| 500 ## - GENERAL NOTE | |
| General note | Includes index |
| 505 0# - FORMATTED CONTENTS NOTE | |
| Formatted contents note | Introduction / Michael Stratton -- Towards a philosophy for conserving twentieth century buildings / Peter Burman -- A case for reforming architectural values / Andrew Saint -- The non-domestic building stock of England and Wales / Philip Steadman -- Beyond the fringe / Kenneth Powell -- Making the recent past fit for the future / David Jenkin and John Worthington -- Concrete and steel in twentieth century construction / Bill Addis -- The relationship between building structure and architectural expression / Peter Ross -- Clad is bad? / Michael Stratton -- Quality, longevity, and listing / Robert Thorne -- Conserving 'carbuncles' Dilemmas of conservation in practice / Susan Macdonald. |
| 650 #0 - SUBJECT ADDED ENTRY--TOPICAL TERM | |
| Topical term or geographic name entry element | Architecture, Modern |
| Chronological subdivision | 20th century |
| General subdivision | Conservation and restoration |
| Geographic subdivision | Great Britain. |
| 9 (RLIN) | 1244 |
| 650 #0 - SUBJECT ADDED ENTRY--TOPICAL TERM | |
| Topical term or geographic name entry element | Architecture |
| General subdivision | Conservation and restoration |
| Geographic subdivision | Great Britain. |
| 9 (RLIN) | 1245 |
| 700 1# - ADDED ENTRY--PERSONAL NAME | |
| Personal name | Stratton, Michael, |
| Dates associated with a name | 1953- |
| 9 (RLIN) | 1246 |
| 856 42 - ELECTRONIC LOCATION AND ACCESS | |
| Materials specified | Publisher description |
| Uniform Resource Identifier | <a href="http://www.loc.gov/catdir/enhancements/fy0651/97187401-d.html">http://www.loc.gov/catdir/enhancements/fy0651/97187401-d.html</a> |
| 942 ## - ADDED ENTRY ELEMENTS (KOHA) | |
| Institution code [OBSOLETE] | SADA |
| Koha item type | Book |
| Call number prefix | 720.288 STR 1997 |
| Source of classification or shelving scheme | |
| Withdrawn status | Lost status | Source of classification or shelving scheme | Damaged status | Not for loan | Permanent Location | Current Location | Date acquired | Total Checkouts | Full call number | Barcode | Date last seen | Cost, replacement price | Price effective from | Koha item type |
|---|---|---|---|---|---|---|---|---|---|---|---|---|---|---|
| School of Art Design and Architecture (SADA) | School of Art Design and Architecture (SADA) | 10/04/2010 | 720.288 STR 1997 | SADA0000367 | 08/05/2011 | 5403.00 | 08/05/2011 | Book |
